Inventario del Fondo Documental de la Empresa Nivelcampo, Sociedad Anónima
Descripción Física:
144 p. ; 30 cm
MARC
| LEADER | 00000nam a2200000Ia 4500 | ||
|---|---|---|---|
| 001 | 11398 | ||
| 008 | 160829s1996 xx 000 0 cat d | ||
| 080 | |a C-2-93 | ||
| 110 | 2 | |a Banco Bilbao Vizcaya. |b Archivo Histórico |9 54859 | |
| 245 | |a Inventario del Fondo Documental de la Empresa Nivelcampo, Sociedad Anónima | ||
| 260 | |a Bilbao : |b Archivo Histórico Banco Bilbao Vizcaya, |c 1996 | ||
| 300 | |a 144 p. ; |c 30 cm | ||
| 610 | 2 | 0 | |a Banco Bilbao Vizcaya. |b Archivo Histórico |v Catàlegs |9 55774 |
| 650 | |a Empresa Nivelcampo |x Arxius |x Catàlegs |9 37086 | ||
| 901 | |a Arxiu | ||
| 942 | |n 1 | ||
| 952 | |0 0 |1 0 |4 0 |6 C293 |7 1 |9 47645 |a Arxiu |b Arxiu |d 2016-12-01 |l 0 |o C-2-93 |p 11398 |r 2016-12-01 00:00:00 |w 2016-12-01 |y ARXIU | ||
| 999 | |c 51444 |d 51444 | ||